000 00656nam a2200205Ii 4500
003 JO-AjNU
008 230605s9999||||xx |||||||||||||| ||und||
040 _aJO-AjNU
_bara
_erda
_cJO-AjNU
041 _aara
050 1 4 _aQC792.M3412 1991
100 3 _aماكلي ، الوين ؛ ترجمة خلدون يوسف,
_eauthor
_918156
245 0 0 _aصناع العصر الذري
250 _aط1
264 3 1 _aبغداد:دار الشؤون الثقافيه ، 1991
300 _a218ص
336 _atext
_btxt
_2rdacontent
337 _aunmediated
_bn
_2rdamedia
338 _avolume
_bnc
_2rdacarrier
650 4 _aالفزيائيون-تراجم
_918157
999 _aA5753
_c9321
_d9321